[Event "FRA Team Ch"]
[Site "Mulhouse"]
[Date "2001.03.29"]
[Round "4.1"]
[White "Gofshtein, Leonid"]
[Black "Kallai, Gabor"]
[Result "0-1"]
[WhiteElo "2531"]
[BlackElo "2543"]
[Annotator "Noyon - Strasbourg"]
[PlyCount "68"]
[EventDate "2001.03.??"]

1. e4 c6 2. d4 d5 3. e5 Bf5 4. Nc3 e6 5. g4 Bg6 6. Nge2 c5 7. Be3 Nc6 8. dxc5
Nxe5 9. Nd4 Nd7 10. b4 Be7 11. Bg2 h5 12. f4 Bh4+ 13. Kf1 hxg4 14. Ncb5 Ngf6
15. Nd6+ Kf8 16. c4 Kg8 17. f5 exf5 18. cxd5 f4 19. Bxf4 Nh5 20. Be3 Ne5 21.
Kg1 Rb8 22. Qd2 Be7 23. N4f5 Nf3+ 24. Bxf3 gxf3 25. Rf1 Bxd6 26. Nxd6 b6 27.
Rxf3 bxc5 28. bxc5 Qh4 29. Qd4 Qe1+ 30. Kg2 Qa5 31. Rhf1 Rb4 32. Qe5 Rg4+ 33.
Kh1 Qxa2 34. Rg1 Ng3+ 0-1

[Event "FRA Team Ch"]
[Site "Mulhouse"]
[Date "2001.03.29"]
[Round "4.2"]
[White "Roos, Daniel"]
[Black "Moreno Carnero, Javier"]
[Result "1/2-1/2"]
[WhiteElo "2404"]
[BlackElo "2483"]
[Annotator "Strasbourg - Noyon"]
[PlyCount "60"]
[EventDate "2001.03.??"]

1. g3 e5 2. Bg2 Nf6 3. d3 d5 4. Nf3 Nc6 5. O-O Be7 6. c3 O-O 7. Qc2 Bf5 8. Nbd2
e4 9. Nh4 exd3 10. exd3 Be6 11. Nb3 Qd7 12. Be3 Bh3 13. Bc5 Bxg2 14. Kxg2 b6
15. Bxe7 Nxe7 16. Rae1 Rae8 17. Nd4 h6 18. Qd2 c5 19. Ndf3 Nh7 20. Ne5 Qc8 21.
Kh1 Nf5 22. Nxf5 Qxf5 23. f4 Nf6 24. Qg2 h5 25. Re2 Re6 26. h3 Rfe8 27. Ref2
Rd6 28. Kg1 Nd7 29. g4 Qf6 30. Re2 Qd8 1/2-1/2

[Event "FRA Team Ch"]
[Site "Mulhouse"]
[Date "2001.03.29"]
[Round "4.3"]
[White "Marcelin, Cyril"]
[Black "Maier, Christian"]
[Result "0-1"]
[WhiteElo "2424"]
[BlackElo "2373"]
[Annotator "Noyon - Strasbourg"]
[PlyCount "63"]
[EventDate "2001.03.??"]

1. d4 Nf6 2. Bg5 e6 3. e4 d5 4. e5 h6 5. Be3 Nfd7 6. Bd3 c5 7. c3 Nc6 8. Qd2
cxd4 9. cxd4 Nb6 10. Nc3 Nb4 11. Bb1 Nc4 12. Qe2 Qb6 13. b3 Na3 14. Nf3 Bd7 15.
O-O Be7 16. Ne1 Rc8 17. Qb2 Qa6 18. Qd2 Rc7 19. Bd3 Nxd3 20. Nxd3 b6 21. Rac1
Qb7 22. f4 Nb5 23. f5 exf5 24. Nxb5 Bxb5 25. Rxc7 Qxc7 26. Rxf5 O-O 27. Nf4 Qd7
28. Rh5 Bg5 29. a4 Ba6 30. Rh3 Rc8 31. Nh5 Qf5 32. Ng3 0-1

[Event "FRA Team Ch"]
[Site "Mulhouse"]
[Date "2001.03.29"]
[Round "4.4"]
[White "Szabolcsi, Janos"]
[Black "Bezold, Michael"]
[Result "0-1"]
[WhiteElo "2410"]
[BlackElo "2510"]
[Annotator "Strasbourg - Noyon"]
[PlyCount "108"]
[EventDate "2001.03.??"]

1. d4 g6 2. Nf3 Bg7 3. g3 Nf6 4. Bg2 O-O 5. O-O d6 6. c4 a6 7. Nc3 Nc6 8. b3
Rb8 9. Nd5 Ne4 10. Bb2 e6 11. Ne3 f5 12. Qc2 Qf6 13. Rad1 Bd7 14. Ba1 Nd8 15.
Ne1 Ng5 16. d5 e5 17. f4 Ngf7 18. c5 Qe7 19. cxd6 cxd6 20. Nc4 Rc8 21. Qd2 Bb5
22. Nb6 Rb8 23. Qe3 Nh6 24. h3 Ndf7 25. a4 Be8 26. Nf3 Qd8 27. a5 Bb5 28. fxe5
dxe5 29. d6 f4 30. Qd2 fxg3 31. Nxe5 Nxe5 32. Bxe5 Bxe5 33. Qd5+ Nf7 34. Rxf7
Rxf7 35. Qxe5 Qf6 36. Qxg3 Bxe2 37. Re1 Qd4+ 38. Kh2 Rf2 39. d7 Rbf8 40. Kh1
Qd2 41. Bd5+ Kg7 42. Qe5+ Kh6 43. Rg1 Rf1 44. Qg3 Rxg1+ 45. Qxg1 Bf3+ 46. Bxf3
Rxf3 47. Qg2 Qxg2+ 48. Kxg2 Rd3 49. Kf2 Kg5 50. Ke2 Rd6 51. Ke3 Kf5 52. h4 h6
53. b4 g5 54. h5 g4 0-1

[Event "FRA Team Ch"]
[Site "Mulhouse"]
[Date "2001.03.29"]
[Round "4.5"]
[White "Skripchenko-Lautier, Almira"]
[Black "Roos, Louis"]
[Result "1/2-1/2"]
[WhiteElo "2450"]
[BlackElo "2381"]
[Annotator "Noyon - Strasbourg"]
[PlyCount "63"]
[EventDate "2001.03.??"]

1. e4 e6 2. d3 c5 3. Nf3 Nc6 4. c3 d5 5. Qe2 Nf6 6. g3 Be7 7. Bg2 a5 8. O-O b6
9. Nbd2 Ba6 10. e5 Nd7 11. h4 b5 12. Re1 a4 13. Nf1 b4 14. c4 Nb6 15. b3 Bb7
16. Bf4 h6 17. N3h2 Qd7 18. Ng4 Kd8 19. h5 Kc7 20. d4 axb3 21. axb3 Rxa1 22.
Rxa1 dxc4 23. dxc5 Bxc5 24. Rd1 Qe7 25. bxc4 Rd8 26. Rd6 Nc8 27. Rd2 Nb6 28.
Nf6 Rxd2 29. Nxd2 Nd4 30. Qd3 Bxg2 31. Kxg2 Nc6 32. Nfe4 1/2-1/2

[Event "FRA Team Ch"]
[Site "Mulhouse"]
[Date "2001.03.29"]
[Round "4.6"]
[White "Mensch, Etienne"]
[Black "Peyrat, Olivier"]
[Result "1-0"]
[WhiteElo "2313"]
[BlackElo "2373"]
[Annotator "Strasbourg - Noyon"]
[PlyCount "64"]
[EventDate "2001.03.??"]

1. d4 d6 2. Bg5 c6 3. c4 Qa5+ 4. Bd2 Qc7 5. d5 e5 6. dxe6 Bxe6 7. e3 Nf6 8. Bc3
Ne4 9. Bd3 Nxc3 10. Nxc3 Nd7 11. Nf3 Ne5 12. Nxe5 dxe5 13. O-O Rd8 14. Qc2 g6
15. f4 exf4 16. exf4 Qd6 17. Rad1 f5 18. Kh1 Bg7 19. Qe2 Qe7 20. Rfe1 Kf7 21.
Bxf5 gxf5 22. Qh5+ Kf6 23. Qg5+ Kf7 24. Qh5+ Kf6 25. g4 Qc7 26. g5+ Ke7 27. Qe2
Qc8 28. Nd5+ cxd5 29. cxd5 Rd6 30. Rc1 Qd8 31. dxe6 Qa5 32. Qc4 32... Ke8 {
temps!} 1-0

[Event "FRA Team Ch"]
[Site "Mulhouse"]
[Date "2001.03.29"]
[Round "4.7"]
[White "Karr, Jean-Philippe"]
[Black "Roos, Jean-Luc"]
[Result "1-0"]
[WhiteElo "2383"]
[BlackElo "2264"]
[Annotator "Noyon - Strasbourg"]
[PlyCount "65"]
[EventDate "2001.03.??"]

1. d4 e6 2. c4 Nf6 3. Nc3 Bb4 4. Qc2 c5 5. dxc5 Na6 6. a3 Bxc3+ 7. Qxc3 Nxc5 8.
b4 Nce4 9. Qb2 d5 10. c5 d4 11. e3 e5 12. Bb5+ Bd7 13. Bxd7+ Qxd7 14. Nf3 O-O
15. O-O Rfe8 16. exd4 exd4 17. Qxd4 Qa4 18. Bb2 Rad8 19. Qc4 Nd5 20. Rfe1 b5
21. Qc1 h6 22. Nd4 Nef6 23. Rxe8+ Rxe8 24. Qd1 Qa6 25. h3 Qb7 26. Qf3 Re4 27.
g3 Qd7 28. Kh2 a6 29. Rd1 Qe8 30. Nf5 Qe6 31. Bxf6 Nxf6 32. Rd6 Qe5 33. Nxh6+
1-0

[Event "FRA Team Ch"]
[Site "Mulhouse"]
[Date "2001.03.29"]
[Round "4.8"]
[White "Werner, Clemens"]
[Black "Carton, Camille"]
[Result "1-0"]
[WhiteElo "2347"]
[BlackElo "2234"]
[Annotator "Strasbourg - Noyon"]
[PlyCount "71"]
[EventDate "2001.03.??"]

1. e4 e6 2. d4 d5 3. Nc3 Bb4 4. Bd3 dxe4 5. Bxe4 Nf6 6. Bf3 c5 7. Nge2 Nc6 8.
O-O O-O 9. dxc5 Bxc5 10. Bxc6 bxc6 11. Bg5 Ba6 12. Qc1 Be7 13. Rd1 Nd5 14. Bxe7
Qxe7 15. Rd2 Rab8 16. b3 Rfd8 17. Na4 Nb6 18. Nxb6 axb6 19. c4 Qf6 20. Rb1 c5
21. Rbb2 Bb7 22. Qc3 Qf5 23. Ng3 Qg5 24. Qe3 Qf6 25. f3 Rxd2 26. Rxd2 Rd8 27.
Ne2 Kf8 28. Rxd8+ Qxd8 29. Qe5 Qd7 30. Qb8+ Qc8 31. Qd6+ Ke8 32. Qxb6 Ke7 33.
Kf2 f5 34. Nc3 Kf6 35. Qd6 g5 36. Nd5+ 1-0

[Event "FRA Team Ch"]
[Site "Mulhouse"]
[Date "2001.03.29"]
[Round "4.9"]
[White "Wolfangel, Florence"]
[Black "Chapelle, Emilie"]
[Result "1/2-1/2"]
[WhiteElo "1870"]
[BlackElo "2060"]
[Annotator "Noyon - Strasbourg"]
[PlyCount "78"]
[EventDate "2001.03.??"]

1. d4 Nf6 2. c4 e6 3. Nc3 Bb4 4. e3 b6 5. Bd3 Bb7 6. Nge2 Ne4 7. a3 Nxc3 8.
bxc3 Be7 9. O-O f5 10. d5 O-O 11. e4 Na6 12. exf5 exf5 13. Nd4 g6 14. Bh6 Rf7
15. Nf3 Bf6 16. Qd2 Bg7 17. Bxg7 Kxg7 18. Rfe1 Nc5 19. Bc2 Qf6 20. Ng5 Rff8 21.
Re2 h6 22. Nf3 Rae8 23. Rae1 Rxe2 24. Rxe2 Qd8 25. Qd4+ Qf6 26. Re7+ Rf7 27.
Qxf6+ Kxf6 28. Rxf7+ Kxf7 29. Ne5+ Kf6 30. f4 d6 31. Nf3 Ba6 32. Nd2 g5 33. g3
Bb7 34. Kf2 c6 35. dxc6 Bxc6 36. Ke3 Ne6 37. Nf3 Bxf3 38. Kxf3 Nc7 39. a4 a5
1/2-1/2

[Event "FRA Team Ch"]
[Site "Mulhouse"]
[Date "2001.03.29"]
[Round "4.1"]
[White "Chuchelov, Vladimir"]
[Black "Baklan, Vladimir"]
[Result "1/2-1/2"]
[WhiteElo "2539"]
[BlackElo "2612"]
[Annotator "Cappellle - Mulhouse"]
[PlyCount "37"]
[EventDate "2001.03.??"]

1. Nf3 Nf6 2. c4 e6 3. Nc3 Bb4 4. Qc2 O-O 5. a3 Bxc3 6. Qxc3 b6 7. b4 d6 8. g3
Bb7 9. Bg2 Nbd7 10. O-O c5 11. Bb2 Qc7 12. d3 Rfe8 13. Rac1 a5 14. Qb3 e5 15.
Nh4 Bxg2 16. Nxg2 axb4 17. axb4 b5 18. cxb5 Qb7 19. bxc5 1/2-1/2

[Event "FRA Team Ch"]
[Site "Mulhouse"]
[Date "2001.03.29"]
[Round "4.2"]
[White "Georgiev, Kiril"]
[Black "Degraeve, Jean-Marc"]
[Result "1-0"]
[WhiteElo "2676"]
[BlackElo "2589"]
[Annotator "Mulhouse - Cappelle"]
[PlyCount "57"]
[EventDate "2001.03.??"]

1. d4 g6 2. e4 Bg7 3. c3 d6 4. Bg5 Nf6 5. Nd2 O-O 6. Ngf3 h6 7. Bh4 Nc6 8. Bb5
Bd7 9. O-O Qe8 10. a4 e5 11. Re1 Nh5 12. dxe5 dxe5 13. Qc2 f5 14. exf5 gxf5 15.
Nb3 a6 16. Bf1 b6 17. a5 Bc8 18. axb6 cxb6 19. Nbd4 Nxd4 20. cxd4 e4 21. Qb3+
Kh7 22. Qxb6 Rf7 23. Qc5 Nf4 24. Ne5 Ne6 25. Qa5 Rf8 26. Rad1 Nxd4 27. Qd5 Be6
28. Qxd4 Bb3 29. f4 1-0

[Event "FRA Team Ch"]
[Site "Mulhouse"]
[Date "2001.03.29"]
[Round "4.3"]
[White "Winants, Luc"]
[Black "Sokolov, Andrei"]
[Result "1/2-1/2"]
[WhiteElo "2515"]
[BlackElo "2566"]
[Annotator "Cappelle - Mulhouse"]
[PlyCount "87"]
[EventDate "2001.03.??"]

1. d4 Nf6 2. Bg5 e6 3. e3 Be7 4. c4 h6 5. Bh4 b6 6. Nc3 Bb7 7. Nf3 Ne4 8. Bg3
Nxc3 9. bxc3 Nc6 10. Nd2 h5 11. h4 Na5 12. e4 d6 13. Bd3 c5 14. d5 e5 15. f3
Bc8 16. Bf2 Bd7 17. Nf1 g6 18. Ne3 Bf8 19. g3 Bh6 20. Ng2 Qe7 21. Be3 Bxe3 22.
Nxe3 f5 23. Qd2 fxe4 24. Bxe4 O-O-O 25. O-O-O Rdf8 26. Qd3 g5 27. Rdg1 Rhg8 28.
hxg5 Qxg5 29. Kb1 Kc7 30. Rg2 Rf6 31. Ka1 Rgf8 32. Qe2 Rh6 33. Qf1 Be8 34. Rgh2
Bg6 35. Qe2 Rhh8 36. Bxg6 Qxg6 37. g4 e4 38. Nf5 Qf6 39. fxe4 hxg4 40. Kb2 Rxh2
41. Rxh2 Rh8 42. Rxh8 Qxh8 43. Kc2 Qe5 44. Qxg4 1/2-1/2

[Event "FRA Team Ch"]
[Site "Mulhouse"]
[Date "2001.03.29"]
[Round "4.4"]
[White "Koch, Jean-Rene"]
[Black "Jossien, Arnaud"]
[Result "1-0"]
[WhiteElo "2507"]
[BlackElo "2319"]
[Annotator "Mulhouse - Cappelle"]
[PlyCount "43"]
[EventDate "2001.03.??"]

1. e4 e5 2. f4 d5 3. exd5 c6 4. Nc3 exf4 5. Nf3 Bd6 6. d4 Ne7 7. dxc6 Nbxc6 8.
Bc4 O-O 9. O-O Bg4 10. Ne4 Nf5 11. c3 Rc8 12. Qd3 Nce7 13. Bb3 Bb8 14. Nf2 Bxf3
15. Qxf3 g5 16. Qg4 h6 17. Ne4 Ng7 18. h4 gxh4 19. Bxf4 Bxf4 20. Rxf4 Rc6 21.
Raf1 Rg6 22. Rxf7 1-0

[Event "FRA Team Ch"]
[Site "Mulhouse"]
[Date "2001.03.29"]
[Round "4.5"]
[White "Carlier, Bruno"]
[Black "Pelletier, Yannick"]
[Result "0-1"]
[WhiteElo "2392"]
[BlackElo "2548"]
[Annotator "Cappelle - Mulhouse"]
[PlyCount "80"]
[EventDate "2001.03.??"]

1. Nf3 Nf6 2. g3 b6 3. Bg2 Bb7 4. O-O c5 5. d3 g6 6. e4 d6 7. Nc3 Bg7 8. Nh4
Nc6 9. Be3 O-O 10. h3 Nd7 11. Qd2 Nd4 12. Nd1 e5 13. c3 Ne6 14. Bh6 Bxh6 15.
Qxh6 Ba6 16. c4 b5 17. Ne3 bxc4 18. dxc4 Rb8 19. b3 Bb7 20. f4 exf4 21. gxf4
Nf6 22. f5 Ng7 23. Rf4 Ngh5 24. Raf1 Nxf4 25. Rxf4 g5 26. Qxg5+ Kh8 27. Qh6 Rg8
28. Kh1 Rg7 29. Ng4 Nxg4 30. Rxg4 Rxg4 31. hxg4 Qf8 32. Qf6+ Kg8 33. Qg5+ Qg7
34. Qh5 Re8 35. g5 Qa1+ 36. Kh2 Bxe4 37. f6 Bxg2 38. Nxg2 Qe5+ 39. Kh1 Kh8 40.
Qxf7 Rg8 0-1

[Event "FRA Team Ch"]
[Site "Mulhouse"]
[Date "2001.03.29"]
[Round "4.6"]
[White "Marzolo, Cyril"]
[Black "Cappon, John"]
[Result "1-0"]
[WhiteElo "2378"]
[BlackElo "2188"]
[Annotator "Mulhouse - Cappelle"]
[PlyCount "103"]
[EventDate "2001.03.??"]

1. e4 c5 2. Nc3 e6 3. f4 d5 4. Nf3 dxe4 5. Nxe4 Nf6 6. Ng3 Nc6 7. Bb5 Bd7 8.
O-O Qc7 9. d3 g6 10. c3 Bg7 11. Qe1 O-O 12. Ne4 Nb4 13. Bxd7 Nxd3 14. Qe3 Qxd7
15. Rd1 c4 16. Ne5 Qc7 17. Nxd3 cxd3 18. Nf2 Rfd8 19. Rxd3 Rxd3 20. Qxd3 Rd8
21. Qe2 Nd5 22. g3 Nb6 23. Bd2 Qc4 24. Qxc4 Nxc4 25. Bc1 Bf8 26. Kf1 Bc5 27.
Ne4 Be7 28. Ke2 f5 29. Nd2 Nb6 30. Nf3 Nd5 31. Bd2 Bf6 32. Rc1 Rc8 33. Be1 Kf7
34. Bf2 a6 35. Bd4 Bxd4 36. Nxd4 Nf6 37. Nf3 Ke7 38. c4 Rd8 39. Ne5 Ne4 40. Rc2
Rc8 41. b4 Kd8 42. Ke3 Kc7 43. Nf3 Rd8 44. Nd4 Kd6 45. c5+ Kd5 46. Nf3 Kc6 47.
a4 Rd1 48. Ne5+ Kd5 49. c6 bxc6 50. Rxc6 Rb1 51. Rxa6 Rb3+ 52. Nd3 1-0

[Event "FRA Team Ch"]
[Site "Mulhouse"]
[Date "2001.03.29"]
[Round "4.7"]
[White "Catteau, Bruno"]
[Black "Benitah, Yohan"]
[Result "0-1"]
[WhiteElo "2193"]
[BlackElo "2345"]
[Annotator "Cappelle-Mulhouse"]
[PlyCount "110"]
[EventDate "2001.03.??"]

1. d4 d5 2. Nf3 Nf6 3. e3 Bf5 4. c4 c6 5. Nc3 e6 6. Be2 h6 7. O-O Bd6 8. b3 O-O
9. Bb2 Nbd7 10. h3 dxc4 11. Bxc4 Qe7 12. Re1 Bh7 13. e4 e5 14. a3 Rad8 15. d5
Nc5 16. Nd2 b5 17. Bf1 cxd5 18. b4 Ncxe4 19. Ndxe4 dxe4 20. Qb3 a6 21. Rad1 Bf5
22. Ne2 Bb8 23. Ng3 Bg6 24. Rxd8 Rxd8 25. a4 Qd7 26. axb5 axb5 27. Bc3 h5 28.
Be2 h4 29. Nf1 Nd5 30. Rd1 f6 31. Ne3 Bf7 32. Bg4 Qc6 33. Nxd5 Rxd5 34. Rxd5
Qxd5 35. Qa3 Qa2 36. Qc1 Ba7 37. Bd2 Qc4 38. Qa1 Qc7 39. Qa6 Bc4 40. Bf5 Kf7
41. Bxe4 Qb6 42. Qxb6 Bxb6 43. Bf5 g6 44. Bd7 Bd4 45. Be1 f5 46. Bd2 Kf6 47.
Bc6 g5 48. Be8 f4 49. Bc6 Bd3 50. Be1 e4 51. Kh2 e3 52. f3 Ke5 53. Bd7 Bb2 54.
Be8 Kd4 55. Bf7 Bc3 0-1

[Event "FRA Team Ch"]
[Site "Mulhouse"]
[Date "2001.03.29"]
[Round "4.8"]
[White "Libiszewski, Fabien"]
[Black "Hareux, Hubert"]
[Result "1/2-1/2"]
[WhiteElo "2225"]
[BlackElo "2212"]
[Annotator "Mulhouse-Capelle"]
[PlyCount "70"]
[EventDate "2001.03.??"]

1. e4 e6 2. d3 d5 3. Qe2 Nf6 4. Nf3 Be7 5. g3 O-O 6. Bg2 b6 7. O-O Bb7 8. e5
Nfd7 9. h4 c5 10. c4 dxc4 11. dxc4 Nc6 12. Nc3 Nd4 13. Nxd4 Bxg2 14. Kxg2 cxd4
15. Nb5 d3 16. Qxd3 Nxe5 17. Qe4 Nd7 18. Rd1 Qc8 19. b3 Nc5 20. Qf3 e5 21. Nc3
Qe6 22. Ba3 Rad8 23. Rxd8 Rxd8 24. Rd1 Rxd1 25. Qxd1 h6 26. Bxc5 $11 26... Bxc5
27. Qf3 Kh7 28. g4 Be7 29. h5 Bb4 30. Nd5 Bd6 31. Qe4+ Kg8 32. Ne3 Bc5 33. Nf5
Qf6 34. Qa8+ Kh7 35. Qe4 Kg8 1/2-1/2

[Event "FRA Team Ch"]
[Site "Mulhouse"]
[Date "2001.03.29"]
[Round "4.9"]
[White "Husson, Cybele"]
[Black "Muller, Anne"]
[Result "1/2-1/2"]
[WhiteElo "2036"]
[BlackElo "2208"]
[Annotator "Cappelle-Mulhouse"]
[PlyCount "86"]
[EventDate "2001.03.??"]

1. e4 c5 2. Nc3 Nc6 3. f4 g6 4. Nf3 Bg7 5. Bb5 Nd4 6. O-O a6 7. Bd3 d6 8. Ne2
Nxf3+ 9. Rxf3 Nf6 10. c4 Bd7 11. Rb1 Bc6 12. Nc3 O-O 13. b4 cxb4 14. Rxb4 Qa5
15. a3 Qc5+ 16. Kh1 Ng4 17. Qe2 Bd4 18. Nd1 f5 19. Bb2 Bxb2 20. Rxb2 Nf6 21.
Nc3 Qxa3 22. Rb1 Qc5 23. Nd5 Bxd5 24. exd5 Qc7 25. Re3 Rae8 26. h3 Nh5 27. Qf3
Rb8 28. Rbe1 Rf7 29. Qf1 Qd7 30. Be2 Nf6 31. d3 Rff8 32. Ra1 Rfe8 33. Bd1 e6
34. Ba4 b5 35. cxb5 axb5 36. dxe6 Rxe6 37. Bb3 d5 38. Re5 Rbe8 39. d4 Kg7 40.
Ra5 Rb8 41. Qe1 Rbe8 42. Qb4 Qc7 43. Qa3 Qc6 1/2-1/2

[Event "FRA Team Ch"]
[Site "Mulhouse"]
[Date "2001.03.29"]
[Round "4.1"]
[White "Magem Badals, Jordi"]
[Black "Ivanov, Mikhail M"]
[Result "1-0"]
[WhiteElo "2628"]
[BlackElo "2454"]
[Annotator "Clichy-Bischwiller"]
[PlyCount "67"]
[EventDate "2001.03.??"]

1. d4 g6 2. Nf3 Bg7 3. e4 d6 4. Bc4 e6 5. O-O a6 6. Bb3 b6 7. c4 Nd7 8. Bg5 Ne7
9. Qd2 h6 10. Be3 Bb7 11. Nc3 Nf6 12. Ba4+ Kf8 13. Bc2 Kg8 14. Qe2 Ng4 15. Bf4
e5 16. dxe5 Nxe5 17. Rad1 Qc8 18. Nxe5 dxe5 19. Be3 Kh7 20. f4 Nc6 21. f5 Nd4
22. Bxd4 exd4 23. Nd5 Bxd5 24. cxd5 Qd8 25. e5 Qg5 26. Rxd4 Rhe8 27. Re4 Rad8
28. h4 Qe7 29. f6 Qc5+ 30. Kh1 Bf8 31. e6 Bd6 32. exf7 Rf8 33. Rg4 Qxd5 34.
Rxg6 1-0

[Event "FRA Team Ch"]
[Site "Mulhouse"]
[Date "2001.03.29"]
[Round "4.2"]
[White "Galdunts, Sergei"]
[Black "Grischuck, Alexander"]
[Result "0-1"]
[WhiteElo "2510"]
[BlackElo "2663"]
[Annotator "Bischwiller-Clichy"]
[PlyCount "84"]
[EventDate "2001.03.??"]

1. e4 e5 2. Nf3 Nc6 3. Bb5 a6 4. Ba4 Nf6 5. O-O Bc5 6. d3 b5 7. Bb3 d6 8. c3
Bb6 9. a4 b4 10. Nbd2 Rb8 11. Nc4 Ba7 12. a5 O-O 13. Ba4 Ne7 14. Re1 Ng6 15. d4
bxc3 16. bxc3 Be6 17. d5 Bd7 18. Bc2 Ng4 19. Ne3 Nxe3 20. Bxe3 Bxe3 21. Rxe3
Nf4 22. g3 Nh3+ 23. Kg2 Qf6 24. Rb1 g5 25. Qd2 Rxb1 26. Bxb1 Rb8 27. Bd3 g4 28.
Ng1 Rb3 29. Bxa6 Ra3 30. c4 Rxa5 31. Bb5 Bc8 32. Re1 Ra3 33. Qb2 Qg7 34. Re2
Rd3 35. Rd2 Rxd2 36. Qxd2 Ng5 37. Qe3 Qg6 38. f3 gxf3+ 39. Nxf3 Bh3+ 40. Kg1
Nxe4 41. Nh4 Qf6 42. Nf3 Nc5 0-1

[Event "FRA Team Ch"]
[Site "Mulhouse"]
[Date "2001.03.29"]
[Round "4.3"]
[White "Nataf, Igor-Alexandre"]
[Black "Schlosser, Philipp"]
[Result "1-0"]
[WhiteElo "2552"]
[BlackElo "2511"]
[Annotator "Clichy-Bischwiller"]
[PlyCount "93"]
[EventDate "2001.03.??"]

1. e4 e6 2. d4 d5 3. Nc3 Nf6 4. Bg5 dxe4 5. Nxe4 Nbd7 6. Nf3 Be7 7. Nxf6+ Bxf6
8. h4 O-O 9. Bd3 c5 10. Qe2 cxd4 11. Qe4 g6 12. O-O-O e5 13. Rhe1 Re8 14. Qd5
Re6 15. Bb5 Qa5 16. Bc4 Qxd5 17. Bxd5 Rd6 18. Bb3 Kg7 19. Bxf6+ Rxf6 20. Nxe5
Nxe5 21. Rxe5 Rxf2 22. Rxd4 Be6 23. Bxe6 Kf6 24. Rb5 Kxe6 25. Re4+ Kd6 26. Rxb7
f5 27. Rd4+ Ke5 28. Rd2 Rf1+ 29. Rd1 Rf2 30. g3 h6 31. Re7+ Kf6 32. Rde1 Rf1
33. R7e6+ Kf7 34. Re7+ Kf6 35. Rxf1 Kxe7 36. h5 Kf6 37. hxg6 Kxg6 38. b4 Re8
39. Kd2 Kg5 40. c4 Re4 41. Kd3 Kg4 42. c5 Kxg3 43. Rxf5 Rxb4 44. c6 Rb8 45. Rh5
Rh8 46. Ke4 Kg4 47. Rc5 1-0

[Event "FRA Team Ch"]
[Site "Mulhouse"]
[Date "2001.03.29"]
[Round "4.4"]
[White "Blot, Jerome"]
[Black "Conquest, Stuart"]
[Result "1-0"]
[WhiteElo "2324"]
[BlackElo "2546"]
[Annotator "Bischwiller-Clichy"]
[PlyCount "52"]
[EventDate "2001.03.??"]

1. d4 Nf6 2. c4 c5 3. d5 b5 4. cxb5 a6 5. bxa6 g6 6. Nc3 Bxa6 7. e4 Bxf1 8.
Kxf1 d6 9. g3 Bg7 10. Kg2 Nbd7 11. Nf3 O-O 12. h3 Ra6 13. Re1 Qa8 14. Bg5 Rb8
15. Qc2 e6 16. dxe6 fxe6 17. Rad1 d5 18. exd5 exd5 19. Re7 Bf8 20. Rxd7 Nxd7
21. Nxd5 Qc6 22. Qc3 Re8 23. Bf4 Ra4 24. b3 Rae4 25. Ng5 Re2 26. Qf3 Kg7 1-0

[Event "FRA Team Ch"]
[Site "Mulhouse"]
[Date "2001.03.29"]
[Round "4.5"]
[White "Apicella, Manuel"]
[Black "Mohebbi, Jaffar"]
[Result "1-0"]
[WhiteElo "2518"]
[BlackElo "2318"]
[Annotator "Clichy-Bischwiller"]
[PlyCount "77"]
[EventDate "2001.03.??"]

1. e4 c5 2. Nf3 Nc6 3. d4 cxd4 4. Nxd4 Nf6 5. Nc3 e5 6. Ndb5 d6 7. Nd5 Nxd5 8.
exd5 Nb8 9. c4 a6 10. Nc3 Be7 11. Be2 O-O 12. O-O f5 13. f4 Bf6 14. Kh1 Nd7 15.
Qc2 exf4 16. Bxf4 Ne5 17. Rac1 Bd7 18. b4 Rc8 19. Qb3 Re8 20. c5 Ng6 21. Bxd6
Bxc3 22. Bc4 Be5 23. Bxe5 Rxe5 24. c6 Be8 25. cxb7 Rb8 26. Bxa6 Qb6 27. b5 Rxb7
28. Bxb7 Qxb7 29. b6 Bf7 30. Rc7 Qa6 31. Rg1 Re8 32. b7 Rb8 33. Rgc1 Nf8 34.
Qb2 Qd6 35. Qd4 h5 36. h3 f4 37. R1c6 Qxd5 38. Qxf4 Rxb7 39. Rxb7 1-0

[Event "FRA Team Ch"]
[Site "Mulhouse"]
[Date "2001.03.29"]
[Round "4.6"]
[White "Schneider, Heiko"]
[Black "Hebden, Mark"]
[Result "0-1"]
[WhiteElo "2275"]
[BlackElo "2522"]
[Annotator "Bischwiller-Clichy"]
[PlyCount "60"]
[EventDate "2001.03.??"]

1. e4 e5 2. Nf3 Nc6 3. Nc3 Nf6 4. d4 exd4 5. Nxd4 Bb4 6. Nxc6 bxc6 7. Bd3 O-O
8. O-O d5 9. exd5 cxd5 10. Bg5 c6 11. Qf3 Bd6 12. Rfe1 Rb8 13. Rab1 Rb4 14. h3
h6 15. Bd2 Rh4 16. Bf5 Bxf5 17. Qxf5 Bc7 18. Re2 Qd6 19. f4 Nh5 20. Qd3 Nxf4
21. Bxf4 Rxf4 22. g3 Rf6 23. Rg2 Re8 24. Ne2 Bb6+ 25. Kh2 Re3 26. Qd2 h5 27. h4
Rff3 28. a4 Re4 29. Qg5 Bd8 30. Qd2 Rxh4+ 0-1

[Event "FRA Team Ch"]
[Site "Mulhouse"]
[Date "2001.03.29"]
[Round "4.7"]
[White "Renet, Olivier"]
[Black "Peter, Sebastien"]
[Result "1-0"]
[WhiteElo "2494"]
[BlackElo "2194"]
[Annotator "Clichy-Bischwiller"]
[PlyCount "65"]
[EventDate "2001.03.??"]

1. d4 e6 2. c4 Nf6 3. Nc3 Bb4 4. e3 O-O 5. Bd3 d5 6. Nge2 c5 7. cxd5 cxd4 8.
exd4 Nxd5 9. O-O Nc6 10. Bc2 Be7 11. a3 b6 12. Qd3 g6 13. Bh6 Re8 14. Rad1 Bb7
15. Nxd5 Qxd5 16. Nf4 Qd6 17. d5 Ne5 18. Qg3 exd5 19. Be4 dxe4 20. Rxd6 Bxd6
21. Qh4 Nd7 22. Rd1 Rac8 23. Nxg6 fxg6 24. Rxd6 e3 25. fxe3 Rc1+ 26. Kf2 Nc5
27. Rd8 Rc2+ 28. Ke1 Rc1+ 29. Kd2 Nb3+ 30. Ke2 Rc2+ 31. Ke1 Rc1+ 32. Kf2 Rc2+
33. Kg3 1-0

[Event "FRA Team Ch"]
[Site "Mulhouse"]
[Date "2001.03.30"]
[Round "5.3"]
[White "Baklan, Vladimir"]
[Black "Marcelin, Cyril"]
[Result "1/2-1/2"]
[WhiteElo "2612"]
[BlackElo "2424"]
[Annotator "Mulhouse - Noyon"]
[PlyCount "72"]
[EventDate "2001.03.??"]

1. e4 e5 2. Nf3 Nc6 3. d4 exd4 4. Nxd4 Bc5 5. Be3 Qf6 6. c3 Nge7 7. Bc4 b6 8.
O-O Bb7 9. b4 Nxd4 10. bxc5 Ne6 11. cxb6 axb6 12. Bd5 Bc6 13. f4 Ra5 14. Bxc6
Nxc6 15. e5 Qf5 16. Nd2 h5 17. Nb3 Ra3 18. Qd2 Na5 19. Qd5 O-O 20. Nxa5 Rxa5
21. Qxd7 Rd8 22. Qc6 Rd3 23. Bd4 Rd2 24. a4 Nxd4 25. cxd4 Rxd4 26. Qxc7 Raxa4
27. Rxa4 Rxa4 28. Qxb6 Rxf4 29. Rxf4 Qxf4 30. e6 Qc1+ 31. Kf2 Qf4+ 32. Kg1 Qc1+
33. Kf2 Qd2+ 34. Kf1 Qd1+ 35. Kf2 Qc2+ 36. Kg1 Qc1+ 1/2-1/2

[Event "FRA Team Ch"]
[Site "Mulhouse"]
[Date "2001.03.30"]
[Round "5.4"]
[White "Moreno Carnero, Javier"]
[Black "Koch, Jean-Rene"]
[Result "0-1"]
[WhiteElo "2483"]
[BlackElo "2507"]
[Annotator "Noyon - Mulhouse"]
[PlyCount "56"]
[EventDate "2001.03.??"]

1. e4 e5 2. Nf3 Nf6 3. Nxe5 d6 4. Nf3 Nxe4 5. d4 d5 6. Bd3 Nc6 7. O-O Bg4 8. c4
Nf6 9. Nc3 Bxf3 10. Qxf3 Nxd4 11. Qe3+ Ne6 12. cxd5 Nxd5 13. Nxd5 Qxd5 14. Be4
Qb5 15. a4 Qa6 16. Rd1 Be7 17. b4 Rb8 18. b5 Qb6 19. Qe2 O-O 20. a5 Qc5 21. Be3
Qb4 22. Bxa7 Ra8 23. Rdb1 Qc3 24. Be3 Rxa5 25. Bd2 Qxa1 26. Qe1 Rfa8 27. Rxa1
Rxa1 28. Bb1 Bf6 0-1

[Event "FRA Team Ch"]
[Site "Mulhouse"]
[Date "2001.03.30"]
[Round "5.5"]
[White "Pelletier, Yannick"]
[Black "Karr, Jean-Philippe"]
[Result "1/2-1/2"]
[WhiteElo "2548"]
[BlackElo "2383"]
[Annotator "Mulhouse - Noyon"]
[PlyCount "53"]
[EventDate "2001.03.??"]

1. Nf3 c5 2. c4 Nf6 3. Nc3 Nc6 4. g3 d5 5. cxd5 Nxd5 6. Bg2 Nc7 7. d3 e5 8. Nd2
Bd7 9. O-O Be7 10. Nc4 f6 11. f4 b5 12. Ne3 exf4 13. gxf4 Rc8 14. f5 Nd4 15.
Ne4 O-O 16. Bd2 Na8 17. Kh1 Nb6 18. Rc1 Qe8 19. Rf2 Qh5 20. Qf1 Rfd8 21. b3 Kh8
22. Ng3 Qf7 23. Be4 c4 24. bxc4 bxc4 25. Nxc4 Nxc4 26. dxc4 Rxc4 27. Rxc4
1/2-1/2